LEADER 01327nam--2200445---450- 001 990001418410203316 005 20080923121001.0 035 $a000141841 035 $aUSA01000141841 035 $a(ALEPH)000141841USA01 035 $a000141841 100 $a20040212d1974----km-y0itay0103----ba 101 0 $aita 102 $aIT 105 $aa|||||||001yy 200 1 $a<> campagne europee dopo il Mille$f[a cura di] R. Francovich, M. S. Mazzi 210 $aFirenze$cLa Nuova Italia$d1974 215 $a158 p.$cill.$d20 cm 225 2 $aStrumenti$iGuide$v4 410 0$12001$aStrumenti$iGuide$v4 454 1$12001 461 1$1001-------$12001 606 0 $aAgricoltura$yEuropa$xStoria$zSec. 11.-15.$xAntologie 676 $a630.94 702 1$aFRANCOVICH,$bRiccardo 702 1 $aMAZZI,$bMaria Serena 801 0$aIT$bsalbc$gISBD 912 $a990001418410203316 951 $aPAP 723$bL.M.$cPAP 951 $aFC M 1781$bDLM$cFC M 959 $aBK 969 $aUMA 969 $aDILAM 979 $aSIAV4$b10$c20040212$lUSA01$h1534 979 $aPATRY$b90$c20040406$lUSA01$h1740 979 $aDILAM$b90$c20060120$lUSA01$h1031 979 $aDILAM$b90$c20060120$lUSA01$h1031 979 $aDILAM$b90$c20080923$lUSA01$h1210 996 $aCampagne europee dopo il Mille$9931212 997 $aUNISA LEADER 01227nam0-22003971i-450- 001 990005506600203316 005 20021026120000.0 035 $a000550660 035 $aUSA01000550660 035 $a(ALEPH)000550660USA01 035 $a000550660 100 $a20021026d2001-------|0itac50------ba 101 $aita 102 $aIT 105 $a|||| ||||| 200 1 $aOsservatorio sulla mobilità del lavoro in Italia$fa cura di Bruno Contini 210 $aBologna$cIl mulino$dc2002 215 $a427 p.$d22 cm. 225 2$aPercorsi. - Bologna 410 1$12001$aPercorsi. - Bologna 606 $aLavoratori$xMobilita$xItalia$2FI 620 $dBologna 676 $a331.127945$cMobilità del lavoro in Italia$v21 702 1$aCONTINI,$bBruno 801 $aIT$bSOL$c20120104 912 $a990005506600203316 950 $aDIP.TO SCIENZE ECONOMICHE - (SA)$dDS 300 331.1274945 CON$e10478 DISES 951 $a300 331.1274945 CON$b10478 DISES 959 $aBK 969 $aDISES 979 $c20121027$lUSA01$h1532 979 $c20121027$lUSA01$h1613 979 $aPATRY$b90$c20130312$lUSA01$h1700 996 $aOsservatorio sulla mobilità del lavoro in Italia$9516232 997 $aUNISA NUM $aUSA11510